000 01424cam a2200325 4500
005 20170223131139.0
008 170223b mx ||||| |||| 00| 0 spa d
020 _a9682318947
020 _a923302783
050 0 4 _aE98 .F39
_bD47 1996
245 0 0 _aDestinos cruzados :
_bcinco siglos de encuentros con los amerindios /
_ccoord. Joëlle Rostkowski y Silvie Devers ; México: Miguel León-Portilla, América del Norte Joëlle Rostkowski y Wilcomb Washburn, Ártico: Jean Malaurie y Silvie Devers.
250 _a1a ed.
260 _aMéxico :
_bSiglo veintiuno,
_bUNESCO,
_c1996
300 _a527 p. :
_bil. ;
_c23 cm.
500 _aNota : Título original: destins croisés. cinq siècles de rencontres avec les amerindiens.
504 _aIncluye índice
650 7 _2LEMB
_aIndios
_zAmérica del Norte
_xPrimer contacto con los europeos
650 7 _2LEMB
_aEsquimales
_xPrimer contacto con los europeos
650 7 _2LEMB
_aIndios de México
_xPrimer contacto con los europeos
700 1 _aRostkowski, Joelle,
_ecoord.
700 1 _aDevers, Silvie,
_ecoord.
700 1 _aLeón-Portilla, Miguel,
_d[1926- ],
_ecoord.
700 1 _aWashburn, Wilcomb,
_d[1925-1997],
_ecoord.
700 1 _aMalaurie, Jean,
_d[1922- ],
_ecoord.
700 1 _aArizmendi, Carmen,
_etr.
700 1 _aMur Ubasart, Martín,
_etr.
700 1 _aPalos, Ana María,
_etr.
700 1 _aSchussheim, Victoria,
_etr.
942 _2lcc
_cLIB
999 _c81369
_d81369